| 000 | 01159cam a2200301 a 4500 | ||
|---|---|---|---|
| 001 | 3896 | ||
| 005 | 20250821140749.0 | ||
| 020 |
_a9780439944564 _q(pbk.) |
||
| 040 |
_aUKM _beng _cUKM _dBTCTA _dYDXCP _dOCLCO _dOCLCF _dOCLCO _dOCLCQ _dDLC |
||
| 050 | 0 | 0 | _aGB1203.G35Geography |
| 082 | 0 | 4 | _a551.483 |
| 100 | 1 |
_aGaneri, Anita _d1961- |
|
| 245 | 1 | 0 |
_aRaging rivers / _cAnita Ganeri ; illustrated by Mike Phillips. |
| 250 | _aFirst published in the UK by Scholastic Ltd, 2000 | ||
| 260 |
_aLondon ; _aNew York : _bScholastic, _c2008 |
||
| 300 |
_a160 pages : _billustrations, maps ; _c20 cm. |
||
| 490 | _aHorrible Geography | ||
| 505 | _aO | ||
| 520 | _aWhere in the world can you: Peer over the edge of a roaring waterfall? Come face-to-face with a peckish piranha? Go white-water rafting through hair-raising rapids? | ||
| 521 |
_a600
_bLexile estimate |
||
| 521 |
_aO
_bRaz-Plus |
||
| 650 | 0 |
_aRivers _vJuvenile literature. |
|
| 650 | 7 |
_aRivers. _2fast _0(OCoLC)fst01098312 |
|
| 655 | 7 |
_aJuvenile works. _2fast _0(OCoLC)fst01411637 |
|
| 700 | 1 |
_aPhillips, Mike _d1961- |
|
| 906 |
_a7 _bcbc _ccopycat _d2 _encip _f20 _gy-gencatlg |
||
| 942 |
_2ddc _cBK _n0 |
||
| 999 |
_c3896 _d3896 |
||